000
00339 a2200157 4500
001
56600
020
_a
8502023608
040
_c
Anchieta - Pituba
100
_a
Albergaria, Lino de
240
1
0
_a
De Paris, com amor
_l
por
245
1
0
_a
De Paris, com amor
300
_a
85
362
0
_a
1999
650
4
_a
Literatura juvenil
942
_c
BK
999
_c
56600
_d
56600